000 00722cam a2200229 4500
001 D5160
008 #DATE n1958 000 0 eng u
035 _a(Sirsi) u117999
041 _aeng
050 _a692.209421
110 _aLondon County Council
_91711
245 _aBuildings of excess height and/or additional cubical extent requiring approval under s.20 of the London Building Acts (Amendment) Act, 1939
260 _aLondon
_bLCC
_c1958
300 _a18p.
_c33cm.
350 _a1s.3d.
490 _v3795
650 _aBUILDING REGULATIONS
_96224
650 _aLONDON BUILDING ACTS
650 _aLONDON BUILDING ACTS (AMENDMENT) ACT 1939
690 _aBUILT ENVIRONMENT-BUILDING STANDARDS
942 _n0
999 _c102075
_d102075